Biological trace element research : (Record no. 10688)
[ view plain ]
| 000 -LEADER | |
|---|---|
| fixed length control field | 01172cam a2200277 a 4500 |
| 001 - CONTROL NUMBER | |
| control field | BD-DhSAU 10688 |
| 003 - CONTROL NUMBER IDENTIFIER | |
| control field | BD-DhSAU |
| 005 - DATE AND TIME OF LATEST TRANSACTION | |
| control field | 20150717120226.0 |
| 008 - FIXED-LENGTH DATA ELEMENTS--GENERAL INFORMATION | |
| fixed length control field | 901010s1991 dcua rb 101 0 eng d |
| 020 ## - INTERNATIONAL STANDARD BOOK NUMBER | |
| International Standard Book Number | 0841218889 |
| 040 ## - CATALOGING SOURCE | |
| Original cataloging agency | BD-DhSAU |
| 082 00 - DEWEY DECIMAL CLASSIFICATION NUMBER | |
| Classification number | 612.01524 |
| Edition number | 22 |
| Item number | BIo |
| 245 00 - TITLE STATEMENT | |
| Title | Biological trace element research : |
| Remainder of title | multidisciplinary perspectives / |
| Statement of responsibility, etc. | K.S. Subramanian, editor, G.V. Iyengar, editor, K. Okamoto, editor ; developed from a symposium sponsored by the International Chemical Congress of Pacific Basin Societies, Honolulu, Hawaii, December 17-22, 1989. |
| 260 ## - PUBLICATION, DISTRIBUTION, ETC. (IMPRINT) | |
| Place of publication, distribution, etc. | Washington, DC : |
| Name of publisher, distributor, etc. | American Chemical Society, |
| Date of publication, distribution, etc. | 1991. |
| 300 ## - PHYSICAL DESCRIPTION | |
| Extent | x, 363 p. : |
| Other physical details | ill. ; |
| Dimensions | 24 cm. |
| 440 #0 - SERIES STATEMENT/ADDED ENTRY--TITLE | |
| Title | ACS symposium series ; |
| Volume/sequential designation | 445 |
| 504 ## - BIBLIOGRAPHY, ETC. NOTE | |
| Bibliography, etc | Includes bibliographical references and indexes. |
| 590 ## - Name of Cataloguer | |
| Name of Cataloger | joy |
| 650 #0 - SUBJECT ADDED ENTRY--TOPICAL TERM | |
| Topical term or geographic name as entry element | Trace elements |
| General subdivision | Research |
| -- | Methodology |
| -- | Congresses. |
| 700 1# - ADDED ENTRY--PERSONAL NAME | |
| Personal name | Subramanian, K. S., |
| Dates associated with a name | 1944- |
| 700 1# - ADDED ENTRY--PERSONAL NAME | |
| Personal name | Iyengar, G. V. |
| Fuller form of name | (Govindaraja V.) |
| 700 1# - ADDED ENTRY--PERSONAL NAME | |
| Personal name | Okamoto, Kensaku. |
| 711 2# - ADDED ENTRY--MEETING NAME | |
| Meeting name or jurisdiction name as entry element | International Chemical Congress of Pacific Basin Societies |
| Date of meeting | (1989 : |
| Location of meeting | Honolulu, Hawaii) |
| 773 #0 - HOST ITEM ENTRY | |
| Title | ACS Symposium Series |
| 942 ## - ADDED ENTRY ELEMENTS (KOHA) | |
| Source of classification or shelving scheme | Dewey Decimal Classification |
| Koha item type | Book |
| Withdrawn status | Lost status | Source of classification or shelving scheme | Damaged status | Not for loan | Collection code | Home library | Branch Name | Shelving location | Date acquired | Total Checkouts | Full call number | Barcode | Date last seen | Price effective from | Koha item type |
|---|---|---|---|---|---|---|---|---|---|---|---|---|---|---|---|
| Dewey Decimal Classification | Not For Loan | Reference | SAU Library | SAU Library | Reference | 17/07/2015 | 612.01524 BIo | 22764 | 17/07/2015 | 17/07/2015 | Book |
